Music As Labour : Inequalities and Activism in the Past and Present.

Bibliographic Details
Main Author: Abfalter, Dagmar.
Other Authors: Reitsamer, Rosa.
Format: eBook
Language:English
Published: Milton : Taylor & Francis Group, 2022.
Edition:1st ed.
Series:Routledge Research in the Creative and Cultural Industries Series
Subjects:
Online Access:Click to View
LEADER 01633nam a22003973i 4500
001 EBC7244812
003 MiAaPQ
005 20231204023228.0
006 m o d |
007 cr cnu||||||||
008 231204s2022 xx o ||||0 eng d
020 |a 9781000615760  |q (electronic bk.) 
020 |z 9780367713614 
035 |a (MiAaPQ)EBC7244812 
035 |a (Au-PeEL)EBL7244812 
035 |a (OCoLC)1378936322 
040 |a MiAaPQ  |b eng  |e rda  |e pn  |c MiAaPQ  |d MiAaPQ 
082 0 |a 306.4/842 
100 1 |a Abfalter, Dagmar. 
245 1 0 |a Music As Labour :  |b Inequalities and Activism in the Past and Present. 
250 |a 1st ed. 
264 1 |a Milton :  |b Taylor & Francis Group,  |c 2022. 
264 4 |c Ã2022. 
300 |a 1 online resource (235 pages) 
336 |a text  |b txt  |2 rdacontent 
337 |a computer  |b c  |2 rdamedia 
338 |a online resource  |b cr  |2 rdacarrier 
490 1 |a Routledge Research in the Creative and Cultural Industries Series 
588 |a Description based on publisher supplied metadata and other sources. 
590 |a Electronic reproduction. Ann Arbor, Michigan : ProQuest Ebook Central, 2023. Available via World Wide Web. Access may be limited to ProQuest Ebook Central affiliated libraries.  
655 4 |a Electronic books. 
700 1 |a Reitsamer, Rosa. 
776 0 8 |i Print version:  |a Abfalter, Dagmar  |t Music As Labour  |d Milton : Taylor & Francis Group,c2022  |z 9780367713614 
797 2 |a ProQuest (Firm) 
830 0 |a Routledge Research in the Creative and Cultural Industries Series 
856 4 0 |u https://ebookcentral.proquest.com/lib/matrademy/detail.action?docID=7244812  |z Click to View